Catálogo
 En Linea

The voyager's Brazil. (Registro nro. 1704)

Detalles MARC
000 -CABECERA
campo de control de longitud fija 00284nam a2200121 a 4500
001 - NÚMERO DE CONTROL
campo de control 000001827
005 - FECHA Y HORA DE LA ÚLTIMA TRANSACCIÓN
campo de control 20200929145723.0
008 - DATOS DE LONGITUD FIJA--INFORMACIÓN GENERAL
campo de control de longitud fija 090629s1995 000 spa d
020 ## - NÚMERO INTERNACIONAL ESTÁNDAR DEL LIBRO
Número Internacional Estándar del Libro 8585371080
040 ## - FUENTE DE LA CATALOGACIÓN
Centro catalogador/agencia de origen DO-SdBNP
245 #0 - MENCIÓN DE TÍTULO
Título The voyager's Brazil.
260 ## - PUBLICACIÓN, DISTRIBUCIÓN, ETC.
Lugar de publicación, distribución, etc. Salvador, BA,
Fecha de publicación, distribución, etc. 1995.
Existencias
Estado de retiro Estado de pérdida Restricciones de uso No para préstamo Código de colección Localización permanente Ubicación/localización actual Ubicación en estantería Fecha de adquisición Número de inventario Total de préstamos Signatura topográfica completa Código de barras Fecha visto por última vez Número de copia Precio válido a partir de Tipo de ítem Koha
    Préstamo interno   Monografías: Libros y Folletos General General En catalogación 29.06.2009 LF1   1827-10 25.06.2020 e. 3 25.06.2020 Préstamo interno
      Excluido de préstamo Monografías: Libros y Folletos General General En catalogación 29.06.2009 LF1   1827-20 25.06.2020   25.06.2020 No se presta
      Excluido de préstamo Monografías: Libros y Folletos General General En catalogación 29.06.2009 LF1   1827-30 25.06.2020 e. 2 25.06.2020 No se presta

Con tecnología Koha